Programming and participation (Record no. 63420)

MARC details
000 -LEADER
fixed length control field 00985cam a2200205 4500
001 - CONTROL NUMBER
control field ABS62249
008 - FIXED-LENGTH DATA ELEMENTS--GENERAL INFORMATION
fixed length control field 000000n2000 000 0 eng u
035 ## - SYSTEM CONTROL NUMBER
System control number (Sirsi) u105911
100 ## - MAIN ENTRY--PERSONAL NAME
Personal name Messenger, R.
245 ## - TITLE STATEMENT
Title Programming and participation
260 ## - PUBLICATION, DISTRIBUTION, ETC.
Date of publication, distribution, etc. 2000
490 ## - SERIES STATEMENT
Series statement IRRV Insight
Volume/sequential designation April 2000, 15(1)
520 ## - SUMMARY, ETC.
Summary, etc. From April 2000 the VOA will publicise local rolling two-year programmes for dealing with appeals against assessment. Programming will be directed by guidelines and code of practice. A programme will identify when all post-1 April 2000 proposals are to be considered and will reflect all properties within a VO area including specialist properties. A structure has been put in place through IRRV branches to act as consultative bodies through which all representations will be heard.
590 ## - LOCAL NOTE (RLIN)
Local note ABS
650 ## - SUBJECT ADDED ENTRY--TOPICAL TERM
Topical term or geographic name entry element RATING REVALUATION 2000
650 ## - SUBJECT ADDED ENTRY--TOPICAL TERM
Topical term or geographic name entry element RATING APPEALS
650 ## - SUBJECT ADDED ENTRY--TOPICAL TERM
Topical term or geographic name entry element PROGRAMMING
690 ## - LOCAL SUBJECT ADDED ENTRY--TOPICAL TERM (OCLC, RLIN)
Topical term or geographic name as entry element RATING AND LOCAL TAXATION
942 ## - ADDED ENTRY ELEMENTS (KOHA)
Suppress in OPAC 0
Holdings
Withdrawn status Lost status Source of classification or shelving scheme Damaged status Not for loan Home library Current library Shelving location Date acquired Total Checkouts Full call number Barcode Date last seen Copy number Price effective from Koha item type
    Dewey Decimal Classification     London London Journal article 09/05/2000   ABS62249 105911-1001 06/08/2019 1 06/08/2019 Journal article